[Event "Matinhos Caioba op 9th"]
[Site "Matinhos"]
[Date "2025.06.29"]
[Round "2"]
[White "De Siqueira, Luigy Lira"]
[Black "Dos Santos, Leonardo Lopes"]
[Result "1-0"]
[WhiteElo "2324"]
[BlackElo "1992"]
[PlyCount "47"]
[EventDate "2025.06.29"]
[EventType "swiss"]
[EventRounds "9"]
[EventCountry "BRA"]
[SourceTitle "CB28_2025"]
[SourceDate "2025.07.09"]
[SourceVersion "1"]
[SourceVersionDate "2025.07.09"]
[SourceQuality "1"]

1. e4 e5 2. Nf3 Nf6 3. Nc3 Nc6 4. d4 exd4 5. Nxd4 Bb4 6. Nxc6 bxc6 7. Bd3 d5 8. exd5 0-0 9. 0-0 cxd5 10. h3 Be6 11. Qf3 Re8 12. Bg5 c6 13. Ne2 h6 14. Bf4 Bd6 15. Rad1 Bxf4 16. Nxf4 Qc7 17. Rfe1 Rab8 18. b3 c5 19. c4 dxc4 20. Nxe6 Rxe6 21. Rxe6 fxe6 22. Bxc4 Re8 23. Qe3 Qc6 24. a4 1-0

[Event "Florianopolis op 11th"]
[Site "Florianopolis"]
[Date "2025.01.26"]
[Round "10"]
[White "Mazetto, Sergio Luiz"]
[Black "Dos Santos, Leonardo Lopes"]
[Result "1/2-1/2"]
[WhiteElo "2072"]
[BlackElo "1831"]
[PlyCount "106"]
[EventDate "2025.01.18"]
[EventType "swiss"]
[EventRounds "10"]
[EventCountry "BRA"]
[SourceTitle "CB05_2025"]
[SourceDate "2025.01.29"]
[SourceVersion "1"]
[SourceVersionDate "2025.01.29"]
[SourceQuality "1"]

1. d4 d5 2. Nf3 Nf6 3. Bf4 c6 4. e3 Bf5 5. c4 Nbd7 6. Nc3 e6 7. Qb3 Qb6 8. c5 Qxb3 9. axb3 Nh5 10. b4 Nxf4 11. exf4 f6 12. Nh4 Bc2 13. Kd2 Bg6 14. Nxg6 hxg6 15. Bd3 Kf7 16. h4 Be7 17. g4 a6 18. Rae1 Rae8 19. Rh3 Bd8 20. Reh1 Bc7 21. Ne2 f5 22. g5 Ra8 23. Ke3 Rab8 24. Ra1 Rh7 25. Ng3 Rbh8 26. Rah1 Nb8 27. Be2 Nd7 28. h5 gxh5 29. Rxh5 Rxh5 30. Bxh5+ Ke7 31. Bf3 Rxh1 32. Bxh1 a5 33. bxa5 Bxa5 34. Bf3 b6 35. cxb6 Nxb6 36. b3 g6 37. Ne2 Nd7 38. Nc1 c5 39. Nd3 cxd4+ 40. Kxd4 Bb6+ 41. Kc3 Kd6 42. Bd1 e5 43. fxe5+ Nxe5 44. f4 Nxd3 45. Kxd3 Ke6 46. b4 Bc7 47. Ke3 Bd6 48. b5 Bc5+ 49. Kf3 Kd6 50. Bc2 Bd4 51. Ba4 Bb6 52. Bc2 Bd4 53. Bd3 Kc5 1/2-1/2

[Event "Florianopolis op 11th"]
[Site "Florianopolis"]
[Date "2025.01.22"]
[Round "6"]
[White "Dos Santos, Leonardo Lopes"]
[Black "Botelho, Davi Arthur Volpi"]
[Result "1/2-1/2"]
[WhiteElo "1831"]
[BlackElo "1592"]
[PlyCount "42"]
[EventDate "2025.01.18"]
[EventType "swiss"]
[EventRounds "10"]
[EventCountry "BRA"]
[SourceTitle "CB05_2025"]
[SourceDate "2025.01.29"]
[SourceVersion "1"]
[SourceVersionDate "2025.01.29"]
[SourceQuality "1"]

1. e4 d6 2. d4 Nd7 3. c4 e5 4. dxe5 dxe5 5. Nf3 Ngf6 6. Qc2 Bb4+ 7. Nc3 0-0 8. Be3 Bxc3+ 9. bxc3 h6 10. Rd1 Qe7 11. Bd3 Nc5 12. h3 Nxd3+ 13. Qxd3 b6 14. 0-0 Bb7 15. Nd2 Rad8 16. Qc2 c5 17. f3 Nh5 18. a4 Qh4 19. Rfe1 Rd6 20. Bf2 Qg5 21. Be3 Qh4 1/2-1/2

[Event "Florianopolis op 11th"]
[Site "Florianopolis"]
[Date "2025.01.21"]
[Round "5"]
[White "Silva, Guilherme Henrique"]
[Black "Dos Santos, Leonardo Lopes"]
[Result "1-0"]
[WhiteElo "2071"]
[BlackElo "1831"]
[PlyCount "116"]
[EventDate "2025.01.18"]
[EventType "swiss"]
[EventRounds "10"]
[EventCountry "BRA"]
[SourceTitle "CB05_2025"]
[SourceDate "2025.01.29"]
[SourceVersion "1"]
[SourceVersionDate "2025.01.29"]
[SourceQuality "1"]

1. e4 e5 2. Bc4 Nf6 3. d3 c6 4. Nf3 d5 5. Bb3 Bd6 6. Nc3 0-0 7. Bg5 d4 8. Ne2 a5 9. a4 h6 10. Bd2 c5 11. Ng3 Be6 12. Bxe6 fxe6 13. 0-0 Nc6 14. Bc1 Ne7 15. Nd2 Qe8 16. Nc4 Bc7 17. f4 Ng6 18. f5 Nf4 19. Nxe5 Nh3+ 20. gxh3 Bxe5 21. Bf4 Bxf4 22. Rxf4 e5 23. Rf2 b5 24. b3 c4 25. Rg2 cxb3 26. cxb3 bxa4 27. bxa4 Rb8 28. Rc1 Rb4 29. Rc7 Qxa4 30. Qc1 Rf7 31. Rxf7 Kxf7 32. Qc7+ Kg8 33. Nf1 Qd7 34. Qxe5 Qf7 35. Qxa5 Rb1 36. Qd8+ Kh7 37. Qxd4 Qh5 38. Qf2 Qxh3 39. Qg3 Qxg3 40. Rxg3 Rd1 41. Kf2 Nh5 42. Rf3 Nf6 43. h3 Kg8 44. Ng3 Kf7 45. Ne2 Nd7 46. d4 Nf6 47. Ke3 Ra1 48. Nc3 Ra3 49. Kd3 Ke7 50. Kc4 Kd7 51. e5 Ne8 52. f6 gxf6 53. exf6 Ra8 54. Nb5 Rc8+ 55. Kd3 Ke6 56. f7 Nf6 57. Nc7+ Ke7 58. Ne8 Kxf7 1-0

[Event "Florianopolis op 11th"]
[Site "Florianopolis"]
[Date "2025.01.19"]
[Round "2"]
[White "Dos Santos, Leonardo Lopes"]
[Black "Luz, Edmundo Reis"]
[Result "0-1"]
[WhiteElo "1831"]
[BlackElo "2109"]
[PlyCount "117"]
[EventDate "2025.01.18"]
[EventType "swiss"]
[EventRounds "10"]
[EventCountry "BRA"]
[SourceTitle "CB05_2025"]
[SourceDate "2025.01.29"]
[SourceVersion "1"]
[SourceVersionDate "2025.01.29"]
[SourceQuality "1"]

1. e4 c6 2. d4 d5 3. exd5 cxd5 4. Bd3 Nc6 5. Nf3 Bg4 6. c3 e6 7. 0-0 Bd6 8. Re1 Qc7 9. h3 Bh5 10. a4 Nge7 11. Nbd2 Bg6 12. Nf1 0-0 13. Ne3 a6 14. Ng4 Bxd3 15. Qxd3 Ng6 16. Bd2 Rab8 17. Ng5 Bf4 18. Bxf4 Qxf4 19. Nf3 Rfc8 20. g3 Qc7 21. Ng5 b5 22. h4 Nf8 23. axb5 axb5 24. Ra6 Qb7 25. Raa1 b4 26. h5 h6 27. Nf3 bxc3 28. bxc3 Qc7 29. Qe3 Ne7 30. Nxh6+ gxh6 31. Qxh6 Nf5 32. Qg5+ Kh7 33. g4 Nd6 34. h6 Ne8 35. Qh5 Ng6 36. Ng5+ Kh8 37. Nxe6 Qd7 38. Nc5 Qd8 39. Ra7 Nc7 40. Qf5 Qh4 41. g5 Qf4 42. Qxf4 Nxf4 43. Re7 Rg8 44. Re5 Nce6 45. Nxe6 fxe6 46. Kh2 Rbf8 47. h7 Rg6 48. Kg3 Nd3 49. Re3 Nxf2 50. Re7 Rxg5+ 51. Kh4 Rg4+ 52. Kh5 Rf5+ 53. Kh6 Rf6+ 54. Kh5 Rg7 55. Rxg7 Kxg7 56. Re5 Ne4 57. Kg4 Kxh7 58. c4 Nf2+ 59. Kg5 0-1

[Event "Wch U12"]
[Site "Montesilvano"]
[Date "2024.11.25"]
[Round "10"]
[White "Dos Santos, Leonardo Lopes"]
[Black "Padure, Dragos Alexandru"]
[Result "0-1"]
[WhiteElo "1930"]
[BlackElo "1822"]
[PlyCount "108"]
[EventDate "2024.11.15"]
[EventType "swiss"]
[EventRounds "11"]
[EventCountry "ITA"]
[SourceTitle "CB48_2024"]
[SourceDate "2024.11.28"]
[SourceVersion "1"]
[SourceVersionDate "2024.11.28"]
[SourceQuality "1"]

1. e4 c5 2. Nc3 e6 3. f4 Nc6 4. Bb5 Nge7 5. Nf3 a6 6. Be2 d5 7. exd5 Nxd5 8. d3 Nxc3 9. bxc3 Be7 10. d4 Bf6 11. Be3 0-0 12. Ne5 Qa5 13. Qd2 Rd8 14. Rd1 Nxe5 15. fxe5 Bxe5 16. Bd3 cxd4 17. cxd4 Qxd2+ 18. Rxd2 Bc7 19. 0-0 Bd7 20. Rdf2 f6 21. Rb1 Bc6 22. Bc4 Kf7 23. Re2 b5 24. Bb3 Bd5 25. Kf2 Rd7 26. a4 Rb8 27. Bxd5 Rxd5 28. c4 bxc4 29. Rxb8 Bxb8 30. Rc2 Ba7 31. Rxc4 Kg6 32. Rc6 Kf5 33. Rxa6 Bxd4 34. Bxd4 Rxd4 35. Ra7 g5 36. a5 h5 37. a6 Ra4 38. Ra8 Ke4 39. a7 e5 40. Rf8 Rxa7 41. Rxf6 Ra2+ 42. Kg1 h4 43. h3 Kd3 44. Rf5 e4 45. Rd5+ Ke2 46. Rxg5 Ra1+ 47. Kh2 e3 48. Rh5 Kd1 49. Rd5+ Ke1 50. Re5 e2 51. Re8 Kd2 52. Rd8+ Kc3 53. Rc8+ Kd4 54. Rd8+ Kc5 0-1

[Event "Wch U12"]
[Site "Montesilvano"]
[Date "2024.11.22"]
[Round "7"]
[White "Isakov, Amin"]
[Black "Dos Santos, Leonardo Lopes"]
[Result "1-0"]
[WhiteElo "1698"]
[BlackElo "1930"]
[PlyCount "49"]
[EventDate "2024.11.15"]
[EventType "swiss"]
[EventRounds "11"]
[EventCountry "ITA"]
[SourceTitle "CB48_2024"]
[SourceDate "2024.11.28"]
[SourceVersion "1"]
[SourceVersionDate "2024.11.28"]
[SourceQuality "1"]

1. c4 c6 2. d4 d5 3. Nf3 Nf6 4. Nc3 e6 5. Bg5 Be7 6. e3 Nbd7 7. Bd3 0-0 8. 0-0 dxc4 9. Bxc4 c5 10. Qe2 cxd4 11. Nxd4 Nb6 12. Rfd1 Qc7 13. Bb3 Bd7 14. Rac1 Rac8 15. e4 h6 16. Nd5 Qd8 17. Rxc8 Nxc8 18. Nxf6+ Bxf6 19. Nxe6 fxe6 20. Bxe6+ Kh8 21. Rxd7 Qe8 22. Bxf6 Rxf6 23. Bg4 Kh7 24. Qd3 Qe5 25. Bf5+ 1-0

[Event "Wch U12"]
[Site "Montesilvano"]
[Date "2024.11.19"]
[Round "5"]
[White "Sharku, Uvejs"]
[Black "Dos Santos, Leonardo Lopes"]
[Result "0-1"]
[WhiteElo "1516"]
[BlackElo "1930"]
[PlyCount "116"]
[EventDate "2024.11.15"]
[EventType "swiss"]
[EventRounds "11"]
[EventCountry "ITA"]
[SourceTitle "CB48_2024"]
[SourceDate "2024.11.28"]
[SourceVersion "1"]
[SourceVersionDate "2024.11.28"]
[SourceQuality "1"]

1. d4 d5 2. Bf4 c5 3. e3 cxd4 4. exd4 Nc6 5. Nf3 Nf6 6. c3 e6 7. Bd3 Bd6 8. Bg3 Bxg3 9. hxg3 Qc7 10. Qe2 h6 11. Na3 a6 12. 0-0 0-0 13. Rac1 Rd8 14. Bb1 Bd7 15. Rfe1 Be8 16. Ne5 Nd7 17. Nxd7 Qxd7 18. Qd3 g6 19. g4 Qe7 20. Qh3 Qg5 21. g3 e5 22. Kg2 Bd7 23. Rh1 Bxg4 24. Qxh6 Qxh6 25. Rxh6 Bh5 26. Rh1 Kg7 27. R6xh5 gxh5 28. Rxh5 exd4 29. cxd4 Nxd4 30. Rh7+ Kf6 31. Rh6+ Ke7 32. Nc2 Nxc2 33. Bxc2 Rac8 34. Bd3 Rd6 35. Rh1 Rb6 36. Re1+ Kd6 37. Re2 Rc7 38. b3 Re7 39. Rd2 Kc5 40. Bf5 d4 41. g4 Rd6 42. a3 Rb6 43. Rd3 Re1 44. Kf3 Ra1 45. Ke4 Rxa3 46. Rxd4 Rb4 47. Rxb4 Kxb4 48. Ke5 Rxb3 49. Kf6 Rf3 50. Kxf7 Rxf2 51. Kg6 b5 52. g5 a5 53. Kf6 Kc3 54. g6 Rg2 55. g7 Rxg7 56. Kxg7 b4 57. Kf6 a4 58. Ke5 b3 0-1

[Event "Wch U12"]
[Site "Montesilvano"]
[Date "2024.11.15"]
[Round "1"]
[White "Son, Juwon"]
[Black "Dos Santos, Leonardo Lopes"]
[Result "1/2-1/2"]
[WhiteElo "1448"]
[BlackElo "1930"]
[PlyCount "43"]
[EventDate "2024.11.15"]
[EventType "swiss"]
[EventRounds "11"]
[EventCountry "ITA"]
[SourceTitle "CB48_2024"]
[SourceDate "2024.11.28"]
[SourceVersion "1"]
[SourceVersionDate "2024.11.28"]
[SourceQuality "1"]

1. e4 e5 2. Nc3 Nc6 3. f4 d6 4. Nf3 Nf6 5. Bb5 Bg4 6. h3 Bxf3 7. Qxf3 a6 8. Bxc6+ bxc6 9. d3 Rb8 10. Rb1 Be7 11. 0-0 0-0 12. Be3 Re8 13. g4 exf4 14. Qxf4 Rf8 15. Qf3 c5 16. b3 h6 17. g5 hxg5 18. Bxg5 c6 19. Qg2 Nd7 20. Rf5 Ne5 21. Rbf1 f6 22. Bf4 1/2-1/2

[Event "Niteroi op 4th"]
[Site "Niteroi"]
[Date "2024.08.29"]
[Round "3"]
[White "Dos Santos, Leonardo Lopes"]
[Black "Guimaraes, Wagner Peixoto"]
[Result "1/2-1/2"]
[WhiteElo "1860"]
[BlackElo "2119"]
[PlyCount "55"]
[EventDate "2024.08.28"]
[EventType "swiss"]
[EventRounds "7"]
[EventCountry "BRA"]
[SourceTitle "CBM 221 Extra"]
[Source "ChessBase"]
[SourceDate "2024.09.30"]
[SourceVersion "1"]
[SourceVersionDate "2024.09.30"]
[SourceQuality "1"]

1. e4 c5 2. Nf3 e6 3. Nc3 Nc6 4. Be2 d6 5. d4 cxd4 6. Nxd4 Nf6 7. 0-0 a6 8. Be3 Be7 9. h3 Qc7 10. a4 0-0 11. f4 Bd7 12. Qe1 Nxd4 13. Bxd4 Bc6 14. Qg3 g6 15. Bf3 b5 16. axb5 axb5 17. e5 dxe5 18. Bxe5 Qb6+ 19. Kh2 b4 20. Ne2 Rxa1 21. Rxa1 Bxf3 22. Qxf3 Nd5 23. c3 Rc8 24. cxb4 Nxb4 25. Ra8 Rxa8 26. Qxa8+ Qd8 27. Qxd8+ Bxd8 28. g3 1/2-1/2

[Event "Florianopolis op 10th"]
[Site "Florianopolis"]
[Date "2024.01.27"]
[Round "9"]
[White "Dos Santos, Leonardo Lopes"]
[Black "Peixoto, Rudson Marinho"]
[Result "1-0"]
[WhiteElo "1664"]
[BlackElo "1895"]
[PlyCount "65"]
[EventDate "2024.01.20"]
[EventType "swiss"]
[EventRounds "10"]
[EventCountry "BRA"]
[SourceTitle "EXT 2025"]
[Source "ChessBase"]
[SourceDate "2024.10.14"]
[SourceVersion "1"]
[SourceVersionDate "2024.10.14"]
[SourceQuality "1"]

1. e4 c5 2. Nf3 d6 3. Nc3 Nf6 4. d4 cxd4 5. Nxd4 a6 6. Be2 e6 7. Be3 Be7 8. Qd2 b5 9. a3 Bb7 10. f3 Nbd7 11. g4 Ne5 12. g5 Nfd7 13. f4 Nc4 14. Bxc4 bxc4 15. f5 Nc5 16. fxe6 fxe6 17. Qg2 0-0 18. 0-0-0 e5 19. Nde2 Ne6 20. Qg4 Bc8 21. h4 Nd4 22. Qg2 Nxe2+ 23. Qxe2 Be6 24. Nd5 Rc8 25. Qh5 c3 26. b3 Qd7 27. Rhg1 Bxd5 28. g6 hxg6 29. Qxg6 Bxh4 30. Rxd5 Qf7 31. Qg4 Qf1+ 32. Rxf1 Rxf1+ 33. Rd1 1-0

[Event "Florianopolis op 10th"]
[Site "Florianopolis"]
[Date "2024.01.25"]
[Round "7"]
[White "Dos Santos, Leonardo Lopes"]
[Black "Bezerra, Fabiano de Oliveira"]
[Result "1-0"]
[WhiteElo "1664"]
[BlackElo "1890"]
[PlyCount "77"]
[EventDate "2024.01.20"]
[EventType "swiss"]
[EventRounds "10"]
[EventCountry "BRA"]
[SourceTitle "CBM 218 Extra"]
[Source "ChessBase"]
[SourceDate "2024.03.31"]
[SourceVersion "1"]
[SourceVersionDate "2024.03.31"]
[SourceQuality "1"]

1. e4 c6 2. d4 d5 3. exd5 cxd5 4. Bd3 Nc6 5. c3 a6 6. Bf4 Nf6 7. Nd2 e6 8. Ngf3 Be7 9. h3 h6 10. 0-0 Bd7 11. Ne5 Nxe5 12. dxe5 Ng8 13. Qg4 Bf8 14. Be3 Ne7 15. Bc5 h5 16. Qf4 Nf5 17. Bxf8 Rxf8 18. Bxf5 exf5 19. Qf3 Qg5 20. Nb3 0-0-0 21. Rad1 Rfe8 22. Rfe1 f4 23. c4 dxc4 24. Na5 Bc6 25. Nxc6 bxc6 26. Qxc6+ Kb8 27. Qb6+ Ka8 28. Qxa6+ Kb8 29. Qb5+ Ka8 30. Rd7 Rxd7 31. Qxd7 Rd8 32. Qa4+ Kb8 33. Qxc4 f3 34. Qb5+ Ka7 35. Qc5+ Kb8 36. g3 Qd2 37. Rc1 Qd4 38. Qb5+ Ka8 39. Rc7 1-0

[Event "Florianopolis op 10th"]
[Site "Florianopolis"]
[Date "2024.01.21"]
[Round "2"]
[White "Martins, Marlos da Rosa"]
[Black "Dos Santos, Leonardo Lopes"]
[Result "1-0"]
[WhiteElo "1296"]
[BlackElo "1664"]
[PlyCount "27"]
[EventDate "2024.01.20"]
[EventType "swiss"]
[EventRounds "10"]
[EventCountry "BRA"]
[SourceTitle "CBM 218 Extra"]
[Source "ChessBase"]
[SourceDate "2024.03.31"]
[SourceVersion "1"]
[SourceVersionDate "2024.03.31"]
[SourceQuality "1"]

1. Nf3 Nf6 2. g3 g6 3. Bg2 Bg7 4. d4 d5 5. c4 c6 6. cxd5 cxd5 7. 0-0 Nc6 8. e3 0-0 9. Nc3 Bf5 10. a3 Qd7 11. Qb3 Ne4 12. Bd2 Na5 13. Qxd5 Qxd5 14. Nxd5 1-0

[Event "BRA-ch 89th"]
[Site "Recife"]
[Date "2023.12.13"]
[Round "1"]
[White "Dos Santos, Leonardo Lopes"]
[Black "Matsuura, Everaldo"]
[Result "0-1"]
[WhiteElo "1672"]
[BlackElo "2418"]
[PlyCount "74"]
[EventDate "2023.12.13"]
[EventType "swiss"]
[EventRounds "11"]
[EventCountry "BRA"]
[SourceTitle "CBM 217 Extra"]
[Source "ChessBase"]
[SourceDate "2024.01.31"]
[SourceVersion "1"]
[SourceVersionDate "2024.01.31"]
[SourceQuality "1"]

1. e4 c5 2. Nf3 e6 3. Nc3 Nc6 4. d4 cxd4 5. Nxd4 Qc7 6. Be3 a6 7. Qd2 Nf6 8. 0-0-0 b5 9. g3 b4 10. Nce2 Nxe4 11. Qd3 Nc5 12. Qd2 Bb7 13. Rg1 Ne4 14. Qe1 Rc8 15. Nxc6 Bxc6 16. Nd4 Bd5 17. Bd3 Qa5 18. Bxe4 Bxe4 19. Kb1 Be7 20. Rd2 d5 21. f3 Bg6 22. h4 e5 23. Nb3 Qb5 24. g4 Qc4 25. Rgg2 d4 26. Bg1 d3 27. h5 dxc2+ 28. Kc1 Bd3 29. Qxe5 0-0 30. Qxe7 Rfe8 31. Qh4 a5 32. Bd4 a4 33. Rge2 axb3 34. Rxe8+ Rxe8 35. Bxg7 bxa2 36. b3 Qxb3 37. Bb2 a1Q+ 0-1